Yashin Trophy Nominees - Statistics

General Stats
  • This quiz has been taken 76 times
  • The average score is 43 of 50
Answer Stats
Year R Player Nation Club % Correct
2024 1 Emiliano Martínez Argentina Aston Villa
100%
2023 1 Emiliano Martínez Argentina Aston Villa
100%
2021 6 Emiliano Martínez Argentina Aston Villa
100%
2023 2 Ederson Brazil Manchester City
97%
2022 3 Ederson Brazil Manchester City
97%
2021 4 Ederson Brazil Manchester City
97%
2019 3 Ederson Brazil Manchester City
97%
2024 4 Gianluigi Donnarumma Italy Paris Saint-Germain
97%
2021 1 Gianluigi Donnarumma Italy Milan/Paris Saint-Germain
97%
2023 4 Thibaut Courtois Belgium Real Madrid
97%
2022 1 Thibaut Courtois Belgium Real Madrid
97%
2021 8 Thibaut Courtois Belgium Real Madrid
97%
2023 6 André Onana Cameroon Manchester United
95%
2019 7 André Onana Cameroon Ajax
95%
2022 2 Alisson Becker Brazil Liverpool
93%
2019 1 Alisson Becker Brazil Liverpool
93%
2023 5 Marc-André ter Stegen Germany Barcelona
93%
2019 2 Marc-André ter Stegen Germany Barcelona
93%
2022 7 Manuel Neuer Germany Bayern Munich
92%
2021 5 Manuel Neuer Germany Bayern Munich
92%
2019 6 Manuel Neuer Germany Bayern Munich
92%
2022 8 Jan Oblak Slovenia Atlético Madrid
90%
2021 3 Jan Oblak Slovenia Atlético Madrid
90%
2019 4 Jan Oblak Slovenia Atlético Madrid
90%
2024 3 Andriy Lunin Ukraine Real Madrid
89%
2022 10 Hugo Lloris France Tottenham Hotspur
89%
2019 5 Hugo Lloris France Tottenham Hotspur
89%
2021 8 Keylor Navas Costa Rica Paris Saint-Germain
89%
2024 6 Yann Sommer Switzerland Inter Milan
87%
2021 7 Kasper Schmeichel Denmark Leicester City
85%
2024 5 Mike Maignan France Milan
85%
2023 9 Mike Maignan France Milan
85%
2022 5 Mike Maignan France Milan
85%
2023 3 Yassine Bounou Morocco Sevilla
85%
2022 9 Yassine Bounou Morocco Sevilla
85%
2022 4 Édouard Mendy Senegal Chelsea
84%
2021 2 Édouard Mendy Senegal Chelsea
84%
2024 2 Unai Simón Spain Athletic Bilbao
84%
2024 10 Gregor Kobel Switzerland Borussia Dortmund
80%
2019 8 Kepa Arrizabalaga Spain Chelsea
80%
2023 8 Aaron Ramsdale England Arsenal
75%
2019 9 Wojciech Szczęsny Poland Juventus
74%
2024 8 Diogo Costa Portugal Porto
72%
2021 10 Samir Handanović Slovenia Inter Milan
70%
2019 10 Samir Handanović Slovenia Inter Milan
70%
2024 7 Giorgi Mamardashvili Georgia Valencia
67%
2023 7 Dominik Livaković Croatia Dinamo Zagreb
66%
2022 6 Kevin Trapp Germany Eintracht Frankfurt
61%
2023 10 Brice Samba France Lens
39%
2024 9 Ronwen Williams South Africa Mamelodi Sundowns
20%
No matching quizzes found
Score Distribution
Percent of People with Each Score
Percentile by Number Answered
Your Score History
You have not taken this quiz